Modeling performance measurement : applications and implementation issues in DEA /

Bibliographic Details
Main Author: Cook, Wade D.
Other Authors: Zhu, Joe, 1968-
Format: Book
Language:English
Published: New York : Springer, [2005]
Subjects:

MARC

Tag First Indicator Second Indicator Subfields
LEADER 00000cam a22000004a 4500
001 in00002059310
005 20151102051540.0
008 041119s2005 nyua b 001 0 eng
010 |a  2004065097 
020 |a 038724137X 
035 |a (OCoLC)ocm57142784 
040 |a DLC  |c DLC  |d C#P  |d OCLCQ  |d OHX  |d OCL  |d UtOrBLW 
042 |a pcc 
049 |a TXAM 
050 0 0 |a HA31.38  |b .C657 2005 
072 7 |a HA  |2 lcco 
082 0 0 |a 519.7/2  |2 22 
100 1 |a Cook, Wade D. 
245 1 0 |a Modeling performance measurement :  |b applications and implementation issues in DEA /  |c by Wade D. Cook, Joe Zhu. 
264 1 |a New York :  |b Springer,  |c [2005] 
264 4 |c ©2005 
300 |a xvi, 407 pages :  |b illustrations ;  |c 25 cm. +  |e 1 CD-ROM (4 3/4 in.) 
336 |a text  |b txt  |2 rdacontent 
337 |a unmediated  |b n  |2 rdamedia 
338 |a volume  |b nc  |2 rdacarrier 
504 |a Includes bibliographical references and index. 
650 0 |a Data envelopment analysis. 
650 0 |a Performance  |x Measurement. 
700 1 |a Zhu, Joe,  |d 1968- 
938 |a Otto Harrassowitz  |b HARR  |n har055008216  |c 80.20 EUR 
945 |i PromptCat 
946 |a west,stk 
947 |a A14832675244 
994 |a 92  |b TXA 
948 |a cataloged  |b h  |c 2005/8/22  |d c  |e bwalker  |f 6:35:21 am 
999 |a MARS 
999 f f |s fe204421-b549-399f-8041-d012ac430383  |i 809f0e8d-e5c1-34bc-b28d-69768c6146d7  |t 0 
952 f f |p ric  |a Texas A&M University  |b Rellis Campus  |c Joint Library Facility  |d Remote Storage  |t 0  |e HA31.38 .C657 2005  |h Library of Congress classification  |i unmediated -- volume  |m A14832675244 
998 f f |a HA31.38 .C657 2005  |t 0  |l Remote Storage